| 000 | 00720nam a22002057a 4500 | ||
|---|---|---|---|
| 005 | 20221006121538.0 | ||
| 008 | 180813b2009 mx ||||| |||| 001 0 spa d | ||
| 020 | _a9709096664 | ||
| 050 | 0 | 4 |
_aKGF2704.31861 _bN84 2009 |
| 110 | 2 | _aMéxico. | |
| 240 | 0 | 0 | _aLeyes códigos. |
| 245 | 1 | 0 |
_aLegislación de amparo. _c/ |
| 250 | _a20a ed. | ||
| 260 |
_aMéxico : _bSista, _c2009 |
||
| 300 |
_ap.v. ; _c21 cm. |
||
| 500 | _aLey de amparo, Artículos constitucionales que tienen relación con el juicio de amparo, Código Federal de procedimientos civiles, Ley orgánica del Poder Judicial de la Federación | ||
| 504 | _aIncluye índice | ||
| 650 | 7 |
_2lemb _aRecurso de amparo _xLegislación _zMéxico |
|
| 942 |
_2lcc _cLIB |
||
| 999 |
_c143317 _d143315 |
||